JAKĄ POTRAWĘ JEMY NAJGŁOŚNIEJ? - Statystyki

Ogólne statystyki
  • Ten quiz został rozwiązany 44 razy
  • Średni wynik to 3 z 6
Statystyki odpowiedzi
Odpowiedź % Poprawnych
CHIPSY
81%
PALUSZKI
48%
ZUPĘ
42%
JABŁKO
32%
POPCORN
32%
MARCHEWKĘ
19%
Nie znaleziono quizów pasujących do podanych kryteriów
Rozkład punktacji
Procent ludzi z każdym wynikiem
Percentyl według liczby udzielonych odpowiedzi
Twoja historia wyników
Nie rozwiązałeś tego quizu